000 00269nam a22001097a 4500
008 170123b xxu||||| |||| 00| 0 eng d
020 _a9780521542593
041 _aeng
080 _a618.2
245 _aINTRODUCTION TO EMERGENCY MEDICINE
_cMAHADEVAN, S.V
942 _2udc
_cBK
999 _c3399
_d3399